[Event "DEM U10/U10w 2008"]
[Site "Willingen GER"]
[Date "2008.05.13"]
[Round "5"]
[White "Xiong, Ferdinand"]
[Black "Sawlin, Leonid"]
[Result "0-1"]
[Termination "normal"]
[Board "2"]
[WhiteElo "1500"]
[BlackElo "1431"]
[PlyCount "78"]
[WhiteFideId "24654132"]
[BlackFideId "4689542"]
[EventCountry "GER"]
[EventRounds "11"]
[EventType "swiss"]
[EventDate "2008.05.10"]

1. e4 e6 2. d4 d5 3. exd5 exd5 4. Bf4 Bd6 5. Bxd6 Qxd6 6. Bd3 c6 7. Nc3 Qb4 8.
Nge2 Qxb2 9. O-O Qb6 10. Rb1 Qc7 11. Re1 Ne7 12. Ng3 O-O 13. Qh5 h6 14. Re2 Be6
15. Rbe1 Nd7 16. Qh4 Rae8 17. f4 Nf6 18. f5 Bc8 19. Nh5 Nxh5 20. Rxe7 Rxe7 21.
Rxe7 Qd8 22. g4 Nf4 23. Bf1 g5 24. Qe1 Ne6 25. f6 Nxd4 26. Qd1 Qb6 27. Kh1 Qb4
28. Qd3 Bxg4 29. a3 Qb6 30. h3 Be6 31. Na4 Qb1 32. Nc3 Qe1 33. Kg1 Qe5 34. Rxb7
Bf5 35. Re7 Qxf6 36. Qe3 Be6 37. Rxa7 Nxc2 38. Qd2 Nd4 39. Qg2 Nf3+ 0-1

[Event "DEM U10/U10w 2008"]
[Site "Willingen GER"]
[Date "2008.05.13"]
[Round "5"]
[White "Schröder, Jan-Christian"]
[Black "Richter, Leonard"]
[Result "1-0"]
[Termination "normal"]
[Board "3"]
[WhiteElo "1477"]
[BlackElo "1379"]
[PlyCount "70"]
[WhiteFideId "24662259"]
[BlackFideId "12900290"]
[EventCountry "GER"]
[EventRounds "11"]
[EventType "swiss"]
[EventDate "2008.05.10"]

1. e4 c6 2. d4 d5 3. Nc3 dxe4 4. Nxe4 Nd7 5. Nf3 Ngf6 6. Ng3 e6 7. Bd3 c5 8.
O-O Be7 9. Re1 O-O 10. b3 a6 11. Ba3 b5 12. Ne4 b4 13. Bb2 Bb7 14. Ne5 Rc8 15.
Ng5 cxd4 16. Ngxf7 Rxf7 17. Nxf7 Kxf7 18. Bxd4 Bc5 19. Bc4 Bd5 20. Bxa6 Bxd4
21. Bxc8 Bxa1 22. Bxd7 Bc3 23. Bxe6+ Bxe6 24. Qxd8 Bxe1 25. Qc7+ Bd7 26. Kf1
Bc3 27. a4 Ke6 28. Qb7 Kd6 29. a5 Nd5 30. a6 Bc6 31. Qb8+ Nc7 32. Qd8+ Bd7 33.
a7 h6 34. Qf8+ Ke5 35. Qe7+ Be6 1-0

[Event "DEM U10/U10w 2008"]
[Site "Willingen GER"]
[Date "2008.05.13"]
[Round "5"]
[White "Hirschmann, Jakob"]
[Black "Wagner, Robert"]
[Result "1/2-1/2"]
[Termination "normal"]
[Board "4"]
[WhiteElo "1335"]
[BlackElo "1561"]
[PlyCount "93"]
[WhiteFideId "24652067"]
[BlackFideId "24656879"]
[EventCountry "GER"]
[EventRounds "11"]
[EventType "swiss"]
[EventDate "2008.05.10"]

1. e4 c5 2. Nc3 Nc6 3. g3 e6 4. Bg2 Nf6 5. d3 a6 6. Be3 Qc7 7. Nge2 Be7 8. h3
O-O 9. Qd2 Rd8 10. Bf4 d6 11. O-O Bd7 12. a4 Rac8 13. Be3 d5 14. exd5 exd5 15.
Bg5 Be6 16. Nf4 Nb4 17. Rfe1 Qb6 18. Re2 h6 19. Bxf6 Bxf6 20. Rae1 Rd6 21. h4
Rcd8 22. Nxe6 Rxe6 23. Rxe6 fxe6 24. Bh3 Re8 25. Kg2 Qc6 26. Kh2 Qd6 27. f4 e5
28. Qg2 Kf8 29. Rf1 Kg8 30. Re1 Kf8 31. f5 Kg8 32. Kh1 Kh8 33. Qf2 Nc6 34. Bg2
Nb4 35. g4 Bd8 36. Re2 Bc7 37. Qg3 Qd7 38. Qf3 Qd6 39. Bh3 Kg8 40. Rg2 Rf8 41.
g5 Kh7 42. gxh6 gxh6 43. Rg6 Rf6 44. Qh5 Rxg6 45. fxg6+ Kg7 46. Qf3 Kxg6 47.
Bf5+ 1/2-1/2

[Event "DEM U10/U10w 2008"]
[Site "Willingen GER"]
[Date "2008.05.13"]
[Round "5"]
[White "Bach, Jannik"]
[Black "Wiesner, Paula"]
[Result "1-0"]
[Termination "normal"]
[Board "5"]
[WhiteElo "1642"]
[BlackElo "1364"]
[PlyCount "37"]
[WhiteFideId "24615900"]
[BlackFideId "24654019"]
[EventCountry "GER"]
[EventRounds "11"]
[EventType "swiss"]
[EventDate "2008.05.10"]

1. d4 d5 2. e3 Nf6 3. Bd3 e6 4. f4 Be7 5. Nf3 O-O 6. O-O b6 7. Nbd2 Bb7 8. Ne5
Nbd7 9. Qf3 c5 10. c3 c4 11. Bc2 b5 12. g4 Qc7 13. g5 Ne8 14. Qh5 g6 15. Qh6 a5
16. Rf3 Ng7 17. Rh3 Nh5 18. Rxh5 gxh5 19. Qxh7# 1-0

[Event "DEM U10/U10w 2008"]
[Site "Willingen GER"]
[Date "2008.05.13"]
[Round "5"]
[White "Wendland, Tobias"]
[Black "Bilchinski, Anton"]
[Result "0-1"]
[Termination "normal"]
[Board "6"]
[WhiteElo "1314"]
[BlackElo "1477"]
[PlyCount "104"]
[WhiteFideId "24662267"]
[BlackFideId "24615765"]
[EventCountry "GER"]
[EventRounds "11"]
[EventType "swiss"]
[EventDate "2008.05.10"]

1. d4 Nf6 2. c4 g6 3. Nc3 Bg7 4. e4 d6 5. f3 O-O 6. Be3 a6 7. Qd2 Nc6 8. Nge2
Rb8 9. g4 b5 10. cxb5 axb5 11. O-O-O Bd7 12. h4 b4 13. Nb1 Na5 14. b3 Rb7 15.
h5 c6 16. hxg6 fxg6 17. Bh6 Rf7 18. Be3 Qc8 19. Kb2 c5 20. Rc1 c4 21. Qc2 c3+
22. Ka1 Qa8 23. Bg2 Bb5 24. Rhe1 Qa6 25. Bh1 Bd3 26. Qd1 c2 27. Rxc2 Nxb3+ 28.
Kb2 Bxc2 29. Qxc2 Na5 30. Qc8+ Rf8 31. Qe6+ Rf7 32. Qc8+ Bf8 33. Bh6 Qb6 34. e5
b3 35. exf6 bxa2+ 36. Kc2 Rc7+ 37. Qxc7 Qxc7+ 38. Kb2 axb1=Q+ 39. Kxb1 Bxh6 40.
fxe7 Qxe7 41. d5 Bd2 42. Rg1 Qxe2 43. f4 Bc3 44. Rg2 Qe1+ 45. Kc2 Qxh1 46. Re2
Qf3 47. Re8+ Kg7 48. f5 Rb7 49. f6+ Kh6 50. g5+ Kh5 51. Re1 Rb2+ 52. Kc1 Nb3#
0-1

[Event "DEM U10/U10w 2008"]
[Site "Willingen GER"]
[Date "2008.05.13"]
[Round "5"]
[White "Peters, Tom"]
[Black "Müller, Constantin"]
[Result "0-1"]
[Termination "normal"]
[Board "7"]
[WhiteElo "1472"]
[BlackElo "1275"]
[PlyCount "104"]
[WhiteFideId "24694444"]
[BlackFideId "24697630"]
[EventCountry "GER"]
[EventRounds "11"]
[EventType "swiss"]
[EventDate "2008.05.10"]

1. Nf3 Nf6 2. c4 d5 3. d4 c6 4. Nc3 e6 5. cxd5 exd5 6. Bg5 Bf5 7. e3 Nbd7 8.
Ne5 Qb6 9. Nxd7 Nxd7 10. Qd2 h6 11. Bf4 Nf6 12. f3 Bb4 13. Be2 Bh7 14. a3 Be7
15. Bg3 O-O 16. Bf2 Rfe8 17. O-O Bd6 18. Bd3 Qc7 19. Bxh7+ Kxh7 20. g3 Re6 21.
b4 a6 22. Ra2 Rae8 23. Re1 Nh5 24. Na4 Rg6 25. f4 Nf6 26. Nc3 Rh8 27. h3 h5 28.
f5 Rh6 29. Kg2 Qd7 30. Qd3 Kg8 31. Rh1 g6 32. fxg6 Rxg6 33. Rg1 Qc7 34. e4 dxe4
35. Nxe4 Nxe4 36. Qxe4 Bxg3 37. Kf1 Rhh6 38. d5 cxd5 39. Qe8+ Kg7 40. Bd4+ f6
41. Rc2 Qxc2 42. Qe7+ Kg8 43. Qe8+ Kh7 44. Qf7+ Rg7 45. Qxf6 Rxf6+ 46. Bxf6
Qf5+ 47. Ke2 Qxf6 48. Rxg3 Rxg3 49. h4 Qf3+ 50. Kd2 Qe3+ 51. Kc2 Qf2+ 52. Kd1
Rg1# 0-1

[Event "DEM U10/U10w 2008"]
[Site "Willingen GER"]
[Date "2008.05.13"]
[Round "5"]
[White "Dresig, Moritz"]
[Black "Grigorian, Spartak"]
[Result "0-1"]
[Termination "normal"]
[Board "8"]
[WhiteElo "1181"]
[BlackElo "1795"]
[PlyCount "98"]
[WhiteFideId "1270307"]
[BlackFideId "24661490"]
[EventCountry "GER"]
[EventRounds "11"]
[EventType "swiss"]
[EventDate "2008.05.10"]

1. e4 c5 2. Nc3 Nc6 3. g3 g6 4. Bg2 Bg7 5. d3 d6 6. f4 e6 7. Nf3 Nge7 8. O-O
O-O 9. Bd2 b6 10. Qe2 Bb7 11. Rf2 Rc8 12. e5 d5 13. Qe1 Nf5 14. Ne2 Nce7 15. c3
h5 16. h3 d4 17. cxd4 Bxf3 18. Bxf3 Nxd4 19. Qb1 c4 20. Bb7 Nxe2+ 21. Rxe2 cxd3
22. Re3 Rc2 23. Bb4 Qd4 24. Qe1 Nf5 25. Bxf8 Bxf8 26. Rd1 Nxe3 27. Kh1 Nxd1 28.
Qxd1 Qf2 29. Qg1 Qxg1+ 30. Kxg1 d2 31. Bf3 Rc1+ 32. Kf2 d1=Q 33. Bxd1 Rxd1 34.
Ke2 Rb1 35. b3 Rb2+ 36. Kf3 Rxa2 37. g4 hxg4+ 38. Kxg4 b5 39. h4 a5 40. h5
gxh5+ 41. Kxh5 a4 42. b4 a3 43. Kg5 Bh6+ 44. Kxh6 Rg2 45. Kh5 a2 46. f5 exf5
47. e6 a1=Q 48. exf7+ Kxf7 49. Kh6 Qh1# 0-1

[Event "DEM U10/U10w 2008"]
[Site "Willingen GER"]
[Date "2008.05.13"]
[Round "5"]
[White "Wolff, Christopher"]
[Black "Greßmann, Moritz"]
[Result "1-0"]
[Termination "normal"]
[Board "10"]
[WhiteElo "1373"]
[BlackElo "1172"]
[PlyCount "57"]
[BlackFideId "24695084"]
[EventCountry "GER"]
[EventRounds "11"]
[EventType "swiss"]
[EventDate "2008.05.10"]

1. e4 e5 2. d4 exd4 3. Qxd4 Nc6 4. Qe3 Nf6 5. Nc3 Bb4 6. Bd2 O-O 7. O-O-O d6 8.
f3 a5 9. h4 a4 10. h5 a3 11. b3 h6 12. g4 Nh7 13. Bd3 Ne5 14. Nge2 Nxd3+ 15.
Qxd3 Ng5 16. Rdg1 Kh8 17. f4 Bxc3 18. Nxc3 Nh7 19. g5 Rg8 20. g6 fxg6 21. hxg6
Nf6 22. f5 b6 23. Bxh6 gxh6 24. Rxh6+ Kg7 25. Rh7+ Nxh7 26. gxh7+ Kh8 27.
hxg8=Q+ Qxg8 28. Rxg8+ Kxg8 29. Qd5+ 1-0

[Event "DEM U10/U10w 2008"]
[Site "Willingen GER"]
[Date "2008.05.13"]
[Round "5"]
[White "Lagunov, Rafael"]
[Black "Scholz, Robert"]
[Result "0-1"]
[Termination "normal"]
[Board "11"]
[WhiteElo "1150"]
[BlackElo "1295"]
[PlyCount "132"]
[WhiteFideId "24652644"]
[BlackFideId "1270301"]
[EventCountry "GER"]
[EventRounds "11"]
[EventType "swiss"]
[EventDate "2008.05.10"]

1. e4 e5 2. Nf3 Nc6 3. Bc4 Bc5 4. Nc3 Nf6 5. d3 d6 6. Bg5 Bg4 7. h3 Bh5 8. Nd5
a6 9. c3 h6 10. Be3 Bxe3 11. fxe3 Nxd5 12. Bxd5 O-O 13. O-O Rb8 14. Qe1 Kh8 15.
Qg3 f6 16. Nh4 Ne7 17. Nf5 Nxf5 18. exf5 Be2 19. Rf2 Bxd3 20. c4 c6 21. Be6 e4
22. Rf4 d5 23. cxd5 cxd5 24. Rh4 b5 25. Qg6 Rb7 26. Rc1 Qe7 27. Bxd5 Rc7 28.
Rxc7 Qxc7 29. Bxe4 Qc1+ 30. Kh2 Qxe3 31. Rg4 Rg8 32. Bf3 Qe5+ 33. Rg3 Qxf5 34.
Qf7 Qe5 35. Bd5 Bh7 36. Qb7 Qb8 37. Qxa6 Re8 38. Bc6 Re3 39. Bf3 Be4 40. Qe6
Qb7 41. Bxe4 Rxe4 42. Qb3 Re7 43. Rg4 Qb8+ 44. Qg3 Qxg3+ 45. Rxg3 Kg8 46. Rb3
Re5 47. Kg3 Kf7 48. Kf3 Ke6 49. Rd3 Rd5 50. Rxd5 Kxd5 51. Ke3 g5 52. b3 b4 53.
Kd3 f5 54. Ke3 h5 55. g3 Ke5 56. h4 g4 57. Kd3 f4 58. gxf4+ Kxf4 59. Kc4 g3 60.
Kxb4 g2 61. a4 g1=Q 62. a5 Qe1+ 63. Kb5 Qxh4 64. a6 Qg5+ 65. Kb6 Qd8+ 66. Kb5
Qd3+ 0-1

[Event "DEM U10/U10w 2008"]
[Site "Willingen GER"]
[Date "2008.05.13"]
[Round "5"]
[White "Birnkraut, Tim"]
[Black "Manusina, Nicole"]
[Result "0-1"]
[Termination "normal"]
[Board "12"]
[WhiteElo "1235"]
[BlackElo "1601"]
[PlyCount "84"]
[WhiteFideId "24609587"]
[BlackFideId "24657514"]
[EventCountry "GER"]
[EventRounds "11"]
[EventType "swiss"]
[EventDate "2008.05.10"]

1. e4 c6 2. d4 d5 3. f3 e6 4. Nc3 Be7 5. Nge2 Nf6 6. Bf4 O-O 7. Qd3 b5 8. a3 a5
9. Ng3 Ba6 10. Nd1 c5 11. c3 cxd4 12. cxd4 Nc6 13. Be2 dxe4 14. fxe4 Qxd4 15.
Qxd4 Nxd4 16. Rc1 Nxe2 17. Nxe2 Nxe4 18. Nd4 Bf6 19. Nc6 Bb7 20. O-O Rfc8 21.
Re1 Bxc6 22. Rxc6 Rxc6 23. Rxe4 Rd8 24. Re1 e5 25. Bg3 Rc1 26. Nc3 Rxe1+ 27.
Bxe1 b4 28. axb4 axb4 29. Ne4 Rb8 30. Kf2 Be7 31. Kf3 f5 32. Nd2 Kf7 33. Nc4
Ke6 34. b3 e4+ 35. Kf4 g5+ 36. Ke3 Kd5 37. Kd2 f4 38. Ke2 g4 39. g3 f3+ 40. Kf2
Bc5+ 41. Kf1 e3 42. Na5 e2# 0-1

[Event "DEM U10/U10w 2008"]
[Site "Willingen GER"]
[Date "2008.05.13"]
[Round "5"]
[White "Srokovskiy, Andrea"]
[Black "Reimers, Juri"]
[Result "1-0"]
[Termination "normal"]
[Board "13"]
[WhiteElo "1528"]
[BlackElo "1207"]
[PlyCount "88"]
[WhiteFideId "4624947"]
[BlackFideId "24661511"]
[EventCountry "GER"]
[EventRounds "11"]
[EventType "swiss"]
[EventDate "2008.05.10"]

1. e4 c6 2. Nc3 d5 3. exd5 cxd5 4. d4 Nc6 5. Nf3 Nf6 6. Bf4 e6 7. Nb5 Nh5 8.
Bd2 a6 9. Nc3 Bd6 10. Bd3 Nf4 11. Bxf4 Bxf4 12. Ne2 Bd6 13. O-O O-O 14. c3 Qc7
15. h3 Bd7 16. Ng5 h6 17. Nf3 b5 18. Qb3 Na5 19. Qc2 Nc4 20. Nh4 Rfc8 21. a3
Rab8 22. Ra2 Rb7 23. Qd1 Qc6 24. Ng3 Bxg3 25. b3 Bxh4 26. bxc4 bxc4 27. Bc2
Rcb8 28. Qe2 Rb2 29. Rxb2 Rxb2 30. Bh7+ Kxh7 31. Qxb2 Be7 32. Rb1 Qb5 33. Qc2+
g6 34. Rxb5 Bxb5 35. a4 Bc6 36. Qb2 Bxa4 37. Qb7 Bb5 38. Qxe7 Kg8 39. Qa7 Kg7
40. f4 Kf8 41. g4 g5 42. f5 a5 43. Qc5+ Kg7 44. Qxb5 exf5 1-0

[Event "DEM U10/U10w 2008"]
[Site "Willingen GER"]
[Date "2008.05.13"]
[Round "5"]
[White "Hemprich, Iustus"]
[Black "Berkov, Mikhail"]
[Result "1-0"]
[Termination "normal"]
[Board "14"]
[WhiteElo "1184"]
[BlackElo "1402"]
[PlyCount "95"]
[BlackFideId "24678783"]
[EventCountry "GER"]
[EventRounds "11"]
[EventType "swiss"]
[EventDate "2008.05.10"]

1. e4 e5 2. Nf3 Nc6 3. d4 exd4 4. Bc4 Bc5 5. c3 dxc3 6. Bxf7+ Kxf7 7. Qd5+ Ke8
8. Qh5+ g6 9. Qxc5 d6 10. Qxc3 Qf6 11. Bg5 Qxc3+ 12. Nxc3 Nge7 13. h3 Be6 14.
O-O-O Kf7 15. Rhe1 Rhe8 16. e5 dxe5 17. Nxe5+ Nxe5 18. Bxe7 Rxe7 19. Rxe5 Rae8
20. Ree1 Kf6 21. a3 Bb3 22. Rxe7 Kxe7 23. Re1+ Kd7 24. Rxe8 Kxe8 25. Ne4 Kf7
26. g3 Ke7 27. Kd2 Bd5 28. Kd3 Bxe4+ 29. Kxe4 Ke6 30. h4 c5 31. b3 b6 32. a4 a6
33. f3 b5 34. g4 c4 35. bxc4 bxa4 36. Kd3 Kd6 37. Kc3 a5 38. f4 a3 39. Kb3 Kc5
40. f5 gxf5 41. gxf5 Kd6 42. Kxa3 Ke5 43. Ka4 Kxf5 44. Kxa5 Ke6 45. Kb6 Kd6 46.
c5+ Kd7 47. Kb7 Kd8 48. c6 1-0

[Event "DEM U10/U10w 2008"]
[Site "Willingen GER"]
[Date "2008.05.13"]
[Round "5"]
[White "Gheng, Christian"]
[Black "Storch, Domenic"]
[Result "1-0"]
[Termination "normal"]
[Board "15"]
[WhiteElo "1177"]
[BlackElo "1338"]
[PlyCount "89"]
[WhiteFideId "24660345"]
[BlackFideId "16200470"]
[EventCountry "GER"]
[EventRounds "11"]
[EventType "swiss"]
[EventDate "2008.05.10"]

1. e4 c5 2. Nf3 Nc6 3. d4 cxd4 4. Nxd4 Nf6 5. Nc3 e5 6. Nf3 Bb4 7. Bc4 O-O 8.
O-O Bxc3 9. bxc3 Nxe4 10. Qd3 Nf6 11. Bg5 e4 12. Bxf6 Qxf6 13. Qxe4 Qxc3 14.
Bd3 f5 15. Qd5+ Kh8 16. Bxf5 Qf6 17. Be4 d6 18. Ng5 g6 19. h4 h6 20. Nf3 Rd8
21. h5 g5 22. Rab1 Be6 23. Qd3 d5 24. Bg6 g4 25. Nh2 Ne5 26. Qd2 Nxg6 27. Qxh6+
Kg8 28. hxg6 Rd7 29. f3 Qd4+ 30. Kh1 g3 31. Rbe1 Bf5 32. Qg5 Qh8 33. Qxg3 Rc8
34. Re3 Rxc2 35. Rfe1 Qb2 36. Re8+ Kg7 37. R8e7+ Rxe7 38. Rxe7+ Kf6 39. Rf7+
Ke6 40. Ng4 Rc1+ 41. Kh2 Qa1 42. Nf2 Qh8+ 43. Rh7 Qg8 44. Qg5 Rc2 45. Qe7# 1-0

[Event "DEM U10/U10w 2008"]
[Site "Willingen GER"]
[Date "2008.05.13"]
[Round "5"]
[White "Bardosch, Karl"]
[Black "von Ehr, Lukas"]
[Result "0-1"]
[Termination "normal"]
[Board "16"]
[WhiteElo "1274"]
[BlackElo "1190"]
[PlyCount "118"]
[WhiteFideId "24696480"]
[EventCountry "GER"]
[EventRounds "11"]
[EventType "swiss"]
[EventDate "2008.05.10"]

1. e4 e5 2. Nc3 Nf6 3. f4 d5 4. fxe5 Nxe4 5. d3 Nxc3 6. bxc3 d4 7. Nf3 dxc3 8.
d4 Bg4 9. h3 Bh5 10. Qd3 Bxf3 11. Qxf3 Nc6 12. Bb5 Rb8 13. Bxc6+ bxc6 14. Qxc6+
Qd7 15. Qxc3 Bb4 16. Qxb4 Rxb4 17. O-O O-O 18. Ba3 Qxd4+ 19. Kh1 Rbb8 20. Bxf8
Rxf8 21. Rae1 Re8 22. Kh2 Rxe5 23. Rd1 Qxd1 24. Rxd1 h6 25. Rd7 Rc5 26. Rd8+
Kh7 27. Ra8 a5 28. Ra7 Rxc2 29. Rxa5 c5 30. Ra7 c4 31. Rc7 c3 32. a4 Ra2 33.
Rxc3 Rxa4 34. Rf3 f6 35. g4 Ra5 36. Kg3 Kg6 37. h4 f5 38. h5+ Kg5 39. gxf5 Rxf5
40. Re3 Kxh5 41. Re7 g6 42. Re1 Kg5 43. Rg1 h5 44. Kh2+ Kh6 45. Kh3 Rf4 46. Kg3
Rg4+ 47. Kh2 Rxg1 48. Kxg1 Kg5 49. Kg2 Kg4 50. Kh2 Kf3 51. Kg1 g5 52. Kf1 g4
53. Kg1 g3 54. Kf1 g2+ 55. Kg1 h4 56. Kh2 Kf2 57. Kh3 g1=Q 58. Kxh4 Qg6 59. Kh3
Qg3# 0-1

[Event "DEM U10/U10w 2008"]
[Site "Willingen GER"]
[Date "2008.05.13"]
[Round "5"]
[White "Sabirov, Ramil"]
[Black "Allin, Alexander"]
[Result "1-0"]
[Termination "normal"]
[Board "17"]
[WhiteElo "1270"]
[BlackElo "1156"]
[PlyCount "135"]
[WhiteFideId "12900303"]
[BlackFideId "12903698"]
[EventCountry "GER"]
[EventRounds "11"]
[EventType "swiss"]
[EventDate "2008.05.10"]

1. e4 e5 2. Nf3 Nc6 3. Bb5 a6 4. Ba4 Nf6 5. O-O Bc5 6. d3 d6 7. Bg5 h6 8. Bh4
Bg4 9. Nc3 b5 10. Bb3 Nd4 11. Nd5 g5 12. Bg3 Nxf3+ 13. gxf3 Bh3 14. Qd2 Nxd5
15. Bxd5 Rb8 16. Bc6+ Kf8 17. c3 Qf6 18. Qe2 h5 19. Rfd1 h4 20. Kh1 hxg3 21.
fxg3 a5 22. a3 Rb6 23. Bd5 c6 24. Ba2 Be6 25. b4 axb4 26. axb4 Ra6 27. Bxe6
Rxa1 28. Rxa1 Qxe6 29. bxc5 dxc5 30. Qe3 Qe7 31. Ra6 Qb7 32. Qxc5+ Kg7 33. Qxc6
Qxc6 34. Rxc6 Rd8 35. Rc5 f6 36. Rd5 Rb8 37. Kg2 b4 38. cxb4 Rxb4 39. Kh3 Rb2
40. d4 exd4 41. Rxd4 Rf2 42. Rd3 Kf7 43. g4 Ke6 44. Kg3 Rf1 45. h4 gxh4+ 46.
Kxh4 Rh1+ 47. Kg3 Rg1+ 48. Kf4 Rg2 49. Rd5 Re2 50. g5 fxg5+ 51. Rxg5 Ra2 52.
Rg6+ Kf7 53. Rd6 Ra4 54. Kf5 Ra3 55. f4 Ra5+ 56. e5 Ke7 57. Rh6 Kf8 58. Kf6 Kg8
59. e6 Ra6 60. f5 Rb6 61. Rg6+ Kf8 62. Rg7 Rc6 63. Rb7 Rc8 64. Rb6 Re8 65. e7+
Rxe7 66. Rb8+ Re8 67. Rxe8+ Kxe8 68. Kg7 1-0

[Event "DEM U10/U10w 2008"]
[Site "Willingen GER"]
[Date "2008.05.13"]
[Round "5"]
[White "Riasanow, Nikita"]
[Black "Böhm, Jana"]
[Result "1-0"]
[Termination "normal"]
[Board "18"]
[WhiteElo "1259"]
[BlackElo "1023"]
[PlyCount "87"]
[BlackFideId "24661589"]
[EventCountry "GER"]
[EventRounds "11"]
[EventType "swiss"]
[EventDate "2008.05.10"]

1. e4 e5 2. Nf3 Nc6 3. Nc3 Nf6 4. d4 exd4 5. Nxd4 Bc5 6. Be3 d6 7. Nxc6 bxc6 8.
Bxc5 dxc5 9. Qxd8+ Kxd8 10. Bc4 Ke7 11. Rd1 Be6 12. Bxe6 Kxe6 13. Ke2 Rab8 14.
b3 Rhe8 15. Rd2 Ke5 16. f3 Rb4 17. Rhd1 c4 18. Rd4 Nh5 19. g3 g6 20. a3 Rbb8
21. Rxc4 Re6 22. Rd7 Kf6 23. Rxc7 Rb6 24. Rxa7 Ng7 25. Na4 Rb8 26. Ra6 Rc8 27.
Nb6 Rc7 28. Raa4 c5 29. Nd5+ Kg5 30. Nxc7 Rc6 31. Nd5 f5 32. b4 fxe4 33. fxe4
Ne6 34. bxc5 Nxc5 35. Ra5 Nb7 36. Rxc6 Nxa5 37. Rc7 h6 38. e5 Kf5 39. Ne3+ Ke6
40. Nc4 Nxc4 41. Rxc4 Kxe5 42. a4 Kd5 43. Kd3 g5 44. a5 1-0

[Event "DEM U10/U10w 2008"]
[Site "Willingen GER"]
[Date "2008.05.13"]
[Round "5"]
[White "Myagkov, Kirill"]
[Black "Wenzke, Tim"]
[Result "1-0"]
[Termination "normal"]
[Board "19"]
[WhiteElo "1582"]
[BlackElo "1129"]
[PlyCount "35"]
[WhiteFideId "24657042"]
[EventCountry "GER"]
[EventRounds "11"]
[EventType "swiss"]
[EventDate "2008.05.10"]

1. e4 c5 2. Nf3 d6 3. d4 Nc6 4. dxc5 Qa5+ 5. Nc3 Qxc5 6. Be3 Qb4 7. Bd3 Qxb2 8.
Nd5 Kd8 9. Ng5 Nh6 10. O-O e6 11. Nf4 Qe5 12. Qd2 f6 13. Nf3 g5 14. Nxe5 Nxe5
15. Ne2 Nc6 16. Bb5 Ne7 17. Qxd6+ Bd7 18. Qxd7# 1-0

[Event "DEM U10/U10w 2008"]
[Site "Willingen GER"]
[Date "2008.05.13"]
[Round "5"]
[White "Mager, Denis"]
[Black "Dürr, Florian"]
[Result "1/2-1/2"]
[Termination "normal"]
[Board "20"]
[WhiteElo "1145"]
[BlackElo "1325"]
[PlyCount "92"]
[WhiteFideId "24691127"]
[BlackFideId "24659134"]
[EventCountry "GER"]
[EventRounds "11"]
[EventType "swiss"]
[EventDate "2008.05.10"]

1. d4 e6 2. c4 Nf6 3. Nc3 Bb4 4. Bd2 b6 5. a3 Be7 6. Nf3 Bb7 7. e3 d6 8. Bd3
Nbd7 9. O-O O-O 10. Ng5 h6 11. Nge4 c5 12. Qf3 Qc7 13. Qe2 a6 14. f3 Nxe4 15.
Bxe4 Bxe4 16. Nxe4 Bf6 17. Nxf6+ Nxf6 18. Bc3 Qe7 19. Rad1 Rab8 20. Rf2 cxd4
21. Bxd4 e5 22. Bc3 a5 23. Qd3 Rfd8 24. Rfd2 Rb7 25. Qf5 Rbd7 26. c5 dxc5 27.
Rxd7 Rxd7 28. Rxd7 Qxd7 29. Qxe5 Qd8 30. g4 Qd7 31. h4 Ne8 32. Kg2 f6 33. Qb8
Kf7 34. Qxb6 Qe7 35. e4 a4 36. Qb5 Qa7 37. Qc4+ Ke7 38. e5 Nc7 39. exf6+ gxf6
40. Qf4 Nd5 41. Qxh6 Qa6 42. Qg7+ Ke6 43. Qg8+ Kd6 44. Qf8+ Kc6 45. Bxf6 Qe2+
46. Kg3 Qe1+ 1/2-1/2

[Event "DEM U10/U10w 2008"]
[Site "Willingen GER"]
[Date "2008.05.13"]
[Round "5"]
[White "Hoppe, Jonas"]
[Black "Braun, Nicklas Stefan"]
[Result "1-0"]
[Termination "normal"]
[Board "21"]
[WhiteElo "1280"]
[BlackElo "1097"]
[PlyCount "47"]
[EventCountry "GER"]
[EventRounds "11"]
[EventType "swiss"]
[EventDate "2008.05.10"]

1. e4 e5 2. Nf3 Nc6 3. Bc4 Bc5 4. b4 Bxb4 5. c3 Bc5 6. d4 exd4 7. cxd4 Bb4+ 8.
Bd2 Bxd2+ 9. Qxd2 Nf6 10. e5 d5 11. exf6 dxc4 12. d5 Nb8 13. Qe3+ Kf8 14. fxg7+
Kxg7 15. Qd4+ Kh6 16. O-O b5 17. Ne5 Rf8 18. f4 f6 19. Nf3 Bb7 20. g4 Qxd5 21.
g5+ fxg5 22. fxg5+ Kh5 23. Qh4+ Kg6 24. Ne5+ 1-0

[Event "DEM U10/U10w 2008"]
[Site "Willingen GER"]
[Date "2008.05.13"]
[Round "5"]
[White "Petermann, Tessa"]
[Black "Engert, Marvin"]
[Result "1/2-1/2"]
[Termination "normal"]
[Board "22"]
[WhiteElo "1124"]
[BlackElo "1271"]
[PlyCount "54"]
[WhiteFideId "12929492"]
[BlackFideId "12901164"]
[EventCountry "GER"]
[EventRounds "11"]
[EventType "swiss"]
[EventDate "2008.05.10"]

1. e4 c5 2. d4 cxd4 3. c3 dxc3 4. Nxc3 e5 5. Nf3 Nc6 6. Bc4 Be7 7. O-O d6 8.
Nd5 Nf6 9. Nxe7 Qxe7 10. Re1 O-O 11. Bg5 h6 12. Bh4 Be6 13. Be2 Rad8 14. Qd3 d5
15. exd5 Rxd5 16. Qe3 Nd4 17. Rac1 Nf5 18. Qxa7 e4 19. Bc4 exf3 20. Bxd5 Nxh4
21. Bxf3 Nxf3+ 22. gxf3 Nd5 23. Kh1 Qf6 24. Qa3 Nf4 25. Qe3 Bh3 26. Rg1 Rd8 27.
Rc4 Nd3 1/2-1/2

[Event "DEM U10/U10w 2008"]
[Site "Willingen GER"]
[Date "2008.05.13"]
[Round "5"]
[White "Padelt, Aaron"]
[Black "Palm, Sören"]
[Result "1-0"]
[Termination "normal"]
[Board "23"]
[WhiteElo "1023"]
[BlackElo "1261"]
[PlyCount "129"]
[BlackFideId "12925853"]
[EventCountry "GER"]
[EventRounds "11"]
[EventType "swiss"]
[EventDate "2008.05.10"]

1. d4 d5 2. c4 e6 3. Nc3 Nf6 4. Nf3 Bb4 5. a3 Bxc3+ 6. bxc3 O-O 7. Bg5 h6 8.
Bh4 Nc6 9. Qc2 Re8 10. Ne5 Rb8 11. e3 Na5 12. Rb1 b6 13. Ng4 g5 14. Nxh6+ Kg7
15. Bxg5 Re7 16. Qe2 e5 17. Bxf6+ Kxf6 18. Qh5 Nc6 19. cxd5 Qxd5 20. Ng8+ Kg7
21. Nxe7 Nxe7 22. Qxe5+ Qxe5 23. dxe5 Bf5 24. Rd1 Nc6 25. f4 a5 26. Bd3 Be6 27.
f5 Bb3 28. f6+ Kg8 29. Rb1 a4 30. O-O Nxe5 31. Be4 Nc4 32. Rf3 Nd2 33. Rg3+ Kf8
34. Rh3 Kg8 35. Bh7+ Kf8 36. Bf5 Kg8 37. Rb2 Nc4 38. Rf2 Rd8 39. Bg4 Ne5 40.
Rf5 Ng6 41. Rfh5 Rd6 42. Bf5 Rxf6 43. Bxg6 Rxg6 44. Rg3 Rxg3 45. hxg3 Kg7 46.
Kf2 Kg6 47. g4 Bc2 48. Kf3 f5 49. Rh1 fxg4+ 50. Kxg4 Bd3 51. Rg1 c5 52. Rh1 b5
53. Kf4 Bf5 54. e4 Be6 55. g4 Bd7 56. g5 Kf7 57. e5 Be6 58. Rh6 c4 59. g6+ Kg7
60. Kg5 Bg8 61. e6 Bxe6 62. Rh7+ Kf8 63. Kf6 Bd5 64. Rh8+ Bg8 65. g7+ 1-0

[Event "DEM U10/U10w 2008"]
[Site "Willingen GER"]
[Date "2008.05.13"]
[Round "5"]
[White "Weber, Sandra"]
[Black "Janke, Hendrik"]
[Result "1/2-1/2"]
[Termination "normal"]
[Board "24"]
[WhiteElo "1195"]
[BlackElo "999"]
[PlyCount "53"]
[WhiteFideId "1270049"]
[BlackFideId "12921831"]
[EventCountry "GER"]
[EventRounds "11"]
[EventType "swiss"]
[EventDate "2008.05.10"]

1. e4 e5 2. Nf3 Nc6 3. Bb5 d6 4. O-O Bd7 5. c3 Nf6 6. Re1 a6 7. Ba4 Be7 8. d4
exd4 9. cxd4 O-O 10. h3 Re8 11. Nc3 b5 12. Bc2 Bf8 13. Bg5 Nb4 14. Bb3 h6 15.
Bh4 Be7 16. e5 dxe5 17. Nxe5 Be6 18. a3 Nbd5 19. Nc6 Nxc3 20. Nxd8 Nxd1 21.
Nxe6 fxe6 22. Bxe6+ Kf8 23. Raxd1 Rad8 24. Bf5 Rd5 25. Bxf6 Bxf6 26. Rxe8+ Kxe8
27. Bg6+ 1/2-1/2